00361nam a2200145Ia 45000010005000000080041000050200018000460400013000640820020000771000017000972450040001142600043001543000011001975460007002086104140320s9999 xx 000 0 und d a0-7522-2470-0 cPK-LaUMT a 658.409bADA-D aAdams, Scott 4aThe dilbert principlecAdams, Scott aNew York,USA:bHarper Business,c1997. a336 p. aEN